000 00631nam a2200181 i 4500
001 73061
003 ES-MaACL
007 t|
008 040906s1984 sp ||||1| spa d
100 1 _aGómez Bellard, Carlos.
_957834
245 1 3 _aLa necrópolis del Puig des Molins (Ibiza)
_b: campaña de 1946 /
_cCarlos Gómez Bellard.
260 _a[Madrid] :
_bDirección General de Bellas Artes y Archivos,
_c1984.
300 _a179 p., 11 lám. ;
_c29 cm.
490 1 _aExcavaciones arqueológicas en España
830 0 _aExcavaciones arqueológicas en España
_9177264
852 _aES-MaACL
_jL-6076
_bR.106859
999 _c73061
_d73061